|
|
|
|
| LEADER |
00000nam a22000007a 4500 |
| 008 |
190530b2009 cr ||||| |||| 00| | spa d |
| 999 |
|
|
|c 3737
|d 3737
|
| 090 |
|
|
|a DOC #115
|
| 100 |
1 |
|
|9 233
|a Hernández Rojas, Lidia
|
| 245 |
1 |
0 |
|a Hacia la construcción de una cultura ambiental universitaria: 15 años de labor de la CIEA /
|c Lidia Hernández Rojas, Jacqueline García Fallas
|
| 260 |
|
|
|a [San José, Costa Rica] :
|b Conare,
|c 2009
|
| 300 |
|
|
|a 28 páginas;
|b ilustraciones
|
| 500 |
|
|
|a A la cabeza de la portada: Consejo Nacional de Rectores. Comisión de Vicerrectores de Investigación. Subcomisión Interuniversitaria de Educación Ambiental
|
| 650 |
1 |
4 |
|9 439
|a EDUCACIÓN AMBIENTAL
|
| 700 |
|
|
|9 759
|a García Fallas, Jacqueline
|
| 942 |
|
|
|i 002944,002945
|h DOC #115
|2 z
|c 01
|